01254nam a2200289 a 4500001001000000003000400010005001700014008004100031040002500072082001900097100003300116245007800149260006200227300002700289490006800316490003600384590002600420650003200446710005100478830007900529830004200608910003700650942001400687952012100701952012700822999001500949000007827OSt20240307073944.0090911s1953 dr a 001 0 spa d aDO-SdBNPbspacBNPHU 4a611.018bR252a1 aRavelo Barré, Mario92154810aAtlas de histología para los trabajos prácticos /cM. Ravelo Barré. aCiudad Trujillo, República Dominicana :bCaribe,c1953. a187 p. :bil ;c22 cm.1 aPublicaciones de la Universidad Autónoma de Santo Domingov891 aSerie 11- Ciencias médicasv3 aInventariado, 2019/VM 4aHistología vAtlas9770931 aUniversidad Autónoma de Santo Domingo972951 aPublicaciones de la Universidad Autónoma de Santo Domingo ;n1150911848 0aSerien11 - Ciencias médicas977094 aValidado. Control de calidad MFF 2ddccLBS1 00102ddc51718RVaBNPHUbRcHDd2009-09-11l0oBNPHU PD-R-RV 611.018 R252ap7827-10r2020-06-25w2020-06-25yLBS1 00102ddc53728RVaBNPHUbRcHDd2019-08-29l0oBNPHU PD-R-RV 611.018 R252ap7827-20r2020-06-25te. 2w2020-06-25yLBS1 c7605d7605